00434nam a2200133 a 4500001000400000003000500004005001700009008004100026040002600067100002000093245008400113250001600197260008700213313CDMR20130222125759.0130130s1975||||||||||||||||||||||||||||d aCDMRbcatcCPC LLEIDA1 aRivers, William10aAspen handbook on the mediacedited by William L. Rivers and William T. Slater. a1975-76 ed. aPalo Alto, Californiac1975bAspen Institute Program on Communications and Society